| 000 | 00396nam a22001217a 4500 | ||
|---|---|---|---|
| 082 | _a220 PRO | ||
| 100 |
_aFAROOQ,SAEED, _971695 |
||
| 245 | _aPR-SOF-1366-DEVELOPMENT OF ELETRICITY FROM WIND TURBINE WHICH CAN PROVIDE ELECTRICITY TO POST PQT IN OPERATIONAL AREAS | ||
| 260 |
_aISLAMABAD _bNUST COLLEGE OF EME _c2001 |
||
| 650 |
_aDE-MECH-32 _971696 |
||
| 700 |
_aRASHID ANSARI _971697 |
||
| 942 | _cBK | ||
| 999 |
_c578079 _d578079 |
||